| 000 | 00571nam a2200229Ia 4500 | ||
|---|---|---|---|
| 003 | OSt | ||
| 005 | 20221006163957.0 | ||
| 006 | a|||||r|||| 00| 0 | ||
| 007 | ta | ||
| 008 | 221006b |||||||| |||| 00| 0 eng d | ||
| 024 | _a575 | ||
| 037 | _cTextual | ||
| 040 |
_aFML _cFML _beng |
||
| 041 |
_2eng _aeng |
||
| 082 | _aOv, K2 | ||
| 100 |
_aDrinkwater John Au. _9676346 |
||
| 245 | 0 | _aOutline Of Litrature | |
| 260 |
_aLondon _bNewnes _c1962 |
||
| 300 |
_a872 _ccm. |
||
| 942 |
_hOv, K2 _cTEXL _2CC |
||
| 999 |
_c1115872 _d1115872 |
||